Septic tanks and small sewage treatment works: a guide to current practice and common problems. (Record no. 93482)

MARC details
000 -LEADER
fixed length control field 00923cam a2200301 4500
008 - FIXED-LENGTH DATA ELEMENTS--GENERAL INFORMATION
fixed length control field 090401t1993 xxu||||| |||| 00| 0 eng d
020 ## - INTERNATIONAL STANDARD BOOK NUMBER
International Standard Book Number 0860173747
035 ## - SYSTEM CONTROL NUMBER
System control number (Sirsi) u54500
041 ## - LANGUAGE CODE
Language code of text/sound track or separate title eng
050 ## - LIBRARY OF CONGRESS CALL NUMBER
Classification number 628.3
100 ## - MAIN ENTRY--PERSONAL NAME
Personal name Payne, J.A.
245 ## - TITLE STATEMENT
Title Septic tanks and small sewage treatment works: a guide to current practice and common problems.
260 ## - PUBLICATION, DISTRIBUTION, ETC.
Place of publication, distribution, etc. London
Name of publisher, distributor, etc. CIRIA
Date of publication, distribution, etc. 1993
300 ## - PHYSICAL DESCRIPTION
Extent 52p. ; 30cm.
350 ## - PRICE (NR) (BK AM CF MU VM SE) [OBSOLETE]
Price 0
490 ## - SERIES STATEMENT
Series statement CIRIA Technical Note
Volume/sequential designation 146
490 ## - SERIES STATEMENT
Series statement NRA R&D Report
Volume/sequential designation 8
520 ## - SUMMARY, ETC.
Summary, etc. National Rivers Authority participated in the supervision and funding of the research.
650 ## - SUBJECT ADDED ENTRY--TOPICAL TERM
Topical term or geographic name entry element GROUNDWATER
650 ## - SUBJECT ADDED ENTRY--TOPICAL TERM
Topical term or geographic name entry element NATIONAL RIVERS AUTHORITY
650 ## - SUBJECT ADDED ENTRY--TOPICAL TERM
Topical term or geographic name entry element SEPTIC TANKS
650 ## - SUBJECT ADDED ENTRY--TOPICAL TERM
Topical term or geographic name entry element SEWAGE TREATMENT WORKS
690 ## - LOCAL SUBJECT ADDED ENTRY--TOPICAL TERM (OCLC, RLIN)
Topical term or geographic name as entry element WATER
700 ## - ADDED ENTRY--PERSONAL NAME
Personal name Butler, D.
710 ## - ADDED ENTRY--CORPORATE NAME
Corporate name or jurisdiction name as entry element Construction Industry Research and Information Association
9 (RLIN) 4810
942 ## - ADDED ENTRY ELEMENTS (KOHA)
Suppress in OPAC 0
948 ## - LOCAL PROCESSING INFORMATION (OCLC); SERIES PART DESIGNATOR (RLIN)
c (OCLC) 04/03/1997
Holdings
Withdrawn status Lost status Source of classification or shelving scheme Damaged status Not for loan Home library Current library Shelving location Date acquired Total Checkouts Full call number Barcode Date last seen Date last checked out Copy number Price effective from Koha item type
    Dewey Decimal Classification     London London Folio 17/01/1994 8 F628.3 30040508 06/08/2019 27/07/2006 1 06/08/2019 Book